000 00409nam a2200181Ia 4500
001 8081
005 20260306160542.0
008 260306t2001||||xx |||||||||||||| ||spa||
041 _aESP
082 _a370.1
_bL539
100 _aLewis, C. S.,
_eAUT
245 4 _aThe abolition of man
260 _c2001
300 _a113 páginas :
_c20 cm.
650 _aGEN
654 _aCED
942 _cLIB
_dJUS
_fJUS
_2ddc
_n
999 _c8081
_d8081